Estatísticas para Clubes de Futebol Pelos Quais Ronaldo Jogou

Clique aqui para jogar o quiz

Estatísticas Gerais

  • Esse quiz foi jogado 4 321 vezes
  • A pontuação média é 7 de 8

Estatísticas das Respostas

AnosJogosGolsClube% Correto
2002-200712783Real Madrid
98%
2009-20113118Corinthians
94%
1996-19973734Barcelona
93%
1997-20026849Internazionale
93%
1993-19941412Cruzeiro
88%
2007-2008209AC Milan
87%
1994-2011 (Internacional)9862Brasil
78%
1994-19964642PSV
75%

Distribuição das Pontuações

Percentil de Números Respondidos

Porcentagem de Pessoas com Cada Pontuação

Sua Pontuação Histórica

Você não jogou esse quiz